000 00468nam a2200157 4500
001 144255
003 ES-MaACL
005 20230906200957.0
007 t|
008 070214s1960 sp r ||||1| spa d
100 1 _aSierra Bravo, Restituto.
_9106265
245 1 3 _aLa persona humana en el magisterio social de Pío XII /
_cRestituto Sierra Bravo.
260 _aMadrid :
_bAguilar,
_c1960.
300 _aXVI, 332 p. ;
_c24 cm.
852 _aES-MaACL
_jC-19583
_bR.47574
999 _c144255
_d144255